| 000 | 00956nam a2200277 a 4500 | ||
|---|---|---|---|
| 001 | |||
| 003 | DO-SdBNP | ||
| 005 | 20210902102603.0 | ||
| 008 | 190404s2015 dr 000 spa d | ||
| 020 | _a9789945084030 | ||
| 040 |
_aDO-SdBNP _bspa _cBPMSU |
||
| 082 |
_a352.63 _bM491f 2015 _222 |
||
| 100 | 1 |
_aMedina, Oquendo _d1955- |
|
| 245 | 1 | 0 |
_aFunción pública y clase política / _cOquendo Medina. |
| 260 |
_aSanto Domingo :, _c2015. |
||
| 300 |
_a179 p. ;. ; _c23 cm. |
||
| 500 | _aIncluye referencia bibliográfica y notas al pie de las páginas | ||
| 500 | _aIncluye datos biográficos del autor en la solapa de la cubierta | ||
| 590 | _aInventariado, 2019/VM | ||
| 650 |
_aFunción pública _zRepública Dominicana |
||
| 650 | 4 |
_aCarrera administrativa _zRepública Dominicana |
|
| 650 | 4 |
_aFuncionarios públicos _z República Dominicana |
|
| 650 | 4 |
_aCorrupción administrativa _z República Dominicana |
|
| 910 | _aVMateo V. | ||
| 942 |
_2ddc _cBK |
||
| 999 |
_c13704 _d13704 |
||